| 000 | 00879nam a22001937a 4500 | ||
|---|---|---|---|
| 999 |
_c58360 _d58360 |
||
| 005 | 20211130132629.0 | ||
| 008 | 211130s2019en xxu||||| |||| 00| 0 eng d | ||
| 020 | _a9789941488320 | ||
| 041 | _aeng | ||
| 080 | _a811.111'36 G-92 | ||
| 100 |
_aGumbaridze, Zhuzhuna. _913119 |
||
| 245 |
_a A PRACTICAL COURSE OF ENGLISH THEORTICAL GRAMMAR : _bMORPHOLOGY SYNTAX / _cZhuzhuna Gumbaridze, Nino Aroshidze , edit. Irine Goshketeliani. |
||
| 264 |
_aBatumi : _bBatumi Shota Rustaveli State Universiti , _c2019. |
||
| 300 |
_a100 p.: _b19 cm. |
||
| 653 |
_aA PRACTICAL COURSE OF ENGLISH THEORTICAL GRAMMAR _aMORPHOLOGY SYNTAX _aინგლისური ენის გრამატიკა _aმორფოლოგია, სინტაქსი |
||
| 700 |
_aAroshidze , Nino _913120 |
||
| 700 |
_aGoshketeliani, Irine _cრედაქტორი _913121 |
||
| 942 |
_2udc _cBK |
||